000 00923cam a22002651a 4500
001 k 62000148
003 DLC
005 20260227111524.0
008 070518s1948 ko a 000 0dkor
010 _ak 62000148
040 _aDLC
_cDLC
_dDLC
041 1 _akor
_hjpn
050 0 0 _aDS916.5.P3
_bF816
066 _c$1
100 1 _6880-01
_aFuse, Tatsuji,
_d1880-1953.
240 1 0 _aBaku Retsu tōsōki.
_lKorean
245 1 0 _6880-02
_aPak Yŏl tʻujaenggi /
_cPʻosi Chinchʻi chŏ ; Kang Il-sŏk yŏk.
260 _6880-03
_aSŏul :
_bChoyangsa Chʻulpʻansa,
_cTanʼgi 4281 [1948]
300 _a194 p. :
_bill. ;
_c19 cm.
600 1 0 _6880-04
_aPak, Yŏl,
_d1902-
880 1 _6100-01/$1
_a布施 辰治,
_d1880-1953.
880 1 0 _6245-02/$1
_a朴 烈 鬪爭記 /
_c布施 辰治 著 ; 姜 一錫 譯.
880 _6260-03/$1
_a서울 :
_b朝洋社 出版社,
_c檀紀 4281 [1948]
880 1 4 _6600-04/$1
_a朴 烈,
_d11902-
999 _c35322
_d35322